La exigibilidad de los derechos económicos, sociales y culturales en la sociedad internacional del siglo XXI: una aproximación jurídica desde el derecho internacional
Gorde:
| Egile Nagusiak: | , |
|---|---|
| Formatua: | Liburua |
| Hizkuntza: | gaztelania |
| Argitaratua: |
Madrid
Marcial Pons
2016
|
| Gaiak: | |
| Etiketak: |
Etiketa erantsi
Etiketarik gabe, Izan zaitez lehena erregistro honi etiketa jartzen!
|
MARC
| LEADER | 00000cam a2200000 a 4500 | ||
|---|---|---|---|
| 001 | UCC9490 | ||
| 003 | CL-VaPUC | ||
| 008 | 191004e20160000sp |||||||||||||||||spa|d | ||
| 020 | |a 9788491230779 | ||
| 082 | 0 | 4 | |a 341.481 |b BON |2 21 |
| 100 | 0 | |a Bonet Pérez, Jordi |e author |9 604589 | |
| 700 | 0 | |a Alija Fernández, Rosa Ana |e author |9 604590 | |
| 245 | 1 | 3 | |a La exigibilidad de los derechos económicos, sociales y culturales en la sociedad internacional del siglo XXI: una aproximación jurídica desde el derecho internacional |
| 300 | |a 431 p | ||
| 942 | |c BK | ||
| 945 | |d 20191004 13:59:00 |a cmena | ||
| 260 | |a Madrid |b Marcial Pons |c 2016 | ||
| 650 | 0 | |a Derechos humanos |9 223025 | |
| 650 | 0 | |a Derecho internacional |9 255637 | |
| 650 | 0 | |a Derechos fundamentales |9 254841 | |
| 650 | 0 | |a Desarrollo económico y social |9 256320 | |
| 583 | |a last modification |c 20191004 13:59:00 |k Rodrigo Vera | ||
| 999 | |c 375670 |d 375668 | ||
| 952 | |0 0 |1 0 |3 erb |4 0 |6 341_481000000000000_BON_2016 |7 0 |8 WP_COW |9 561487 |a BIBDER |b BIBDER |e Fundación W and P Cowley |i 5605571 |o 341.481 BON 2016 |p 5605571 |r 2023-01-25 |w 2020-03-12 |y BK |z Catalogado en:20191004 |k WPC | ||